<?xml version="1.0" encoding="UTF-8"?>
<collection xmlns="http://www.loc.gov/MARC21/slim">
 <record>
  <leader>02581nam a22003377a 4500</leader>
  <controlfield tag="001">NCT_65602</controlfield>
  <controlfield tag="008">190810b        xxu||||| |||| 00| 0 vie d</controlfield>
  <datafield tag="999" ind1=" " ind2=" ">
   <subfield code="c">3177</subfield>
   <subfield code="d">3177</subfield>
  </datafield>
  <datafield tag="020" ind1=" " ind2=" ">
   <subfield code="c">104000</subfield>
  </datafield>
  <datafield tag="082" ind1="0" ind2="4">
   <subfield code="2">23rd ed.</subfield>
   <subfield code="a">532</subfield>
   <subfield code="b">Kh561</subfield>
  </datafield>
  <datafield tag="100" ind1="1" ind2=" ">
   <subfield code="a">Phùng Văn Khương</subfield>
  </datafield>
  <datafield tag="245" ind1="1" ind2="0">
   <subfield code="a">Thủy lực cơ sở</subfield>
   <subfield code="c">Phùng Văn Khương, Trần Đình Nghiên, Phạm Văn Vĩnh</subfield>
  </datafield>
  <datafield tag="250" ind1=" " ind2=" ">
   <subfield code="a">Tái bản</subfield>
  </datafield>
  <datafield tag="260" ind1=" " ind2=" ">
   <subfield code="a">H.</subfield>
   <subfield code="b">Xây dựng</subfield>
   <subfield code="c">2014</subfield>
  </datafield>
  <datafield tag="300" ind1=" " ind2=" ">
   <subfield code="a">290 tr.</subfield>
   <subfield code="b">minh họa</subfield>
   <subfield code="c">27cm</subfield>
  </datafield>
  <datafield tag="520" ind1="3" ind2=" ">
   <subfield code="a">Giáo trình thủy lực cơ sở gồm 7 chương, cung cấp những kiến thức cơ bản về lĩnh vực thủy lực và những ví dụ, bài tập cụ thể cho sinh viên. Giáo trình phục vụ cho ngành xây dựng và khối ngành kĩ thuật.</subfield>
  </datafield>
  <datafield tag="653" ind1=" " ind2=" ">
   <subfield code="a">Kỹ thuật công trình xây dựng</subfield>
  </datafield>
  <datafield tag="700" ind1="1" ind2=" ">
   <subfield code="a">Trần Đình Nghiên</subfield>
  </datafield>
  <datafield tag="700" ind1="1" ind2=" ">
   <subfield code="a">Phạm Văn Vĩnh</subfield>
  </datafield>
  <datafield tag="942" ind1=" " ind2=" ">
   <subfield code="2">ddc</subfield>
   <subfield code="c">BK</subfield>
  </datafield>
  <datafield tag="952" ind1=" " ind2=" ">
   <subfield code="0">0</subfield>
   <subfield code="1">0</subfield>
   <subfield code="2">ddc</subfield>
   <subfield code="4">0</subfield>
   <subfield code="6">532_000000000000000_KH561</subfield>
   <subfield code="7">0</subfield>
   <subfield code="9">17128</subfield>
   <subfield code="a">000001</subfield>
   <subfield code="b">000001</subfield>
   <subfield code="d">2019-08-10</subfield>
   <subfield code="o">532 Kh561</subfield>
   <subfield code="p">MD.15955</subfield>
   <subfield code="r">2019-08-10</subfield>
   <subfield code="v">104000.00</subfield>
   <subfield code="w">2019-08-10</subfield>
   <subfield code="y">BK</subfield>
  </datafield>
  <datafield tag="952" ind1=" " ind2=" ">
   <subfield code="0">0</subfield>
   <subfield code="1">0</subfield>
   <subfield code="2">ddc</subfield>
   <subfield code="4">0</subfield>
   <subfield code="6">532_000000000000000_KH561</subfield>
   <subfield code="7">0</subfield>
   <subfield code="9">17129</subfield>
   <subfield code="a">000001</subfield>
   <subfield code="b">000001</subfield>
   <subfield code="d">2019-08-10</subfield>
   <subfield code="o">532 Kh561</subfield>
   <subfield code="p">MD.15956</subfield>
   <subfield code="r">2019-08-10</subfield>
   <subfield code="v">104000.00</subfield>
   <subfield code="w">2019-08-10</subfield>
   <subfield code="y">BK</subfield>
  </datafield>
  <datafield tag="952" ind1=" " ind2=" ">
   <subfield code="0">0</subfield>
   <subfield code="1">0</subfield>
   <subfield code="2">ddc</subfield>
   <subfield code="4">0</subfield>
   <subfield code="6">532_000000000000000_KH561</subfield>
   <subfield code="7">0</subfield>
   <subfield code="9">17130</subfield>
   <subfield code="a">000001</subfield>
   <subfield code="b">000001</subfield>
   <subfield code="d">2019-08-10</subfield>
   <subfield code="o">532 Kh561</subfield>
   <subfield code="p">MD.15957</subfield>
   <subfield code="r">2019-08-10</subfield>
   <subfield code="v">104000.00</subfield>
   <subfield code="w">2019-08-10</subfield>
   <subfield code="y">BK</subfield>
  </datafield>
  <datafield tag="952" ind1=" " ind2=" ">
   <subfield code="0">0</subfield>
   <subfield code="1">0</subfield>
   <subfield code="2">ddc</subfield>
   <subfield code="4">0</subfield>
   <subfield code="6">532_000000000000000_KH561</subfield>
   <subfield code="7">0</subfield>
   <subfield code="9">17131</subfield>
   <subfield code="a">000001</subfield>
   <subfield code="b">000001</subfield>
   <subfield code="d">2019-08-10</subfield>
   <subfield code="o">532 Kh561</subfield>
   <subfield code="p">MD.15958</subfield>
   <subfield code="r">2019-08-10</subfield>
   <subfield code="v">104000.00</subfield>
   <subfield code="w">2019-08-10</subfield>
   <subfield code="y">BK</subfield>
  </datafield>
  <datafield tag="952" ind1=" " ind2=" ">
   <subfield code="0">0</subfield>
   <subfield code="1">0</subfield>
   <subfield code="2">ddc</subfield>
   <subfield code="4">0</subfield>
   <subfield code="6">532_000000000000000_KH561</subfield>
   <subfield code="7">0</subfield>
   <subfield code="9">17132</subfield>
   <subfield code="a">000001</subfield>
   <subfield code="b">000001</subfield>
   <subfield code="d">2019-08-10</subfield>
   <subfield code="o">532 Kh561</subfield>
   <subfield code="p">MD.15959</subfield>
   <subfield code="r">2019-08-10</subfield>
   <subfield code="v">104000.00</subfield>
   <subfield code="w">2019-08-10</subfield>
   <subfield code="y">BK</subfield>
  </datafield>
  <datafield tag="952" ind1=" " ind2=" ">
   <subfield code="0">0</subfield>
   <subfield code="1">0</subfield>
   <subfield code="2">ddc</subfield>
   <subfield code="4">0</subfield>
   <subfield code="6">532_000000000000000_KH561</subfield>
   <subfield code="7">0</subfield>
   <subfield code="9">17133</subfield>
   <subfield code="a">000001</subfield>
   <subfield code="b">000001</subfield>
   <subfield code="d">2019-08-10</subfield>
   <subfield code="o">532 Kh561</subfield>
   <subfield code="p">MD.15960</subfield>
   <subfield code="r">2019-08-10</subfield>
   <subfield code="v">104000.00</subfield>
   <subfield code="w">2019-08-10</subfield>
   <subfield code="y">BK</subfield>
  </datafield>
  <datafield tag="952" ind1=" " ind2=" ">
   <subfield code="0">0</subfield>
   <subfield code="1">0</subfield>
   <subfield code="2">ddc</subfield>
   <subfield code="4">0</subfield>
   <subfield code="6">532_000000000000000_KH561</subfield>
   <subfield code="7">0</subfield>
   <subfield code="9">17134</subfield>
   <subfield code="a">000001</subfield>
   <subfield code="b">000001</subfield>
   <subfield code="d">2019-08-10</subfield>
   <subfield code="l">1</subfield>
   <subfield code="o">532 Kh561</subfield>
   <subfield code="p">MD.15961</subfield>
   <subfield code="r">2021-04-16</subfield>
   <subfield code="s">2021-04-09</subfield>
   <subfield code="v">104000.00</subfield>
   <subfield code="w">2019-08-10</subfield>
   <subfield code="y">BK</subfield>
  </datafield>
  <datafield tag="952" ind1=" " ind2=" ">
   <subfield code="0">0</subfield>
   <subfield code="1">0</subfield>
   <subfield code="2">ddc</subfield>
   <subfield code="4">0</subfield>
   <subfield code="6">532_000000000000000_KH561</subfield>
   <subfield code="7">0</subfield>
   <subfield code="9">17135</subfield>
   <subfield code="a">000001</subfield>
   <subfield code="b">000001</subfield>
   <subfield code="d">2019-08-10</subfield>
   <subfield code="o">532 Kh561</subfield>
   <subfield code="p">MD.15962</subfield>
   <subfield code="r">2019-08-10</subfield>
   <subfield code="v">104000.00</subfield>
   <subfield code="w">2019-08-10</subfield>
   <subfield code="y">BK</subfield>
  </datafield>
  <datafield tag="952" ind1=" " ind2=" ">
   <subfield code="0">0</subfield>
   <subfield code="1">0</subfield>
   <subfield code="2">ddc</subfield>
   <subfield code="4">0</subfield>
   <subfield code="6">532_000000000000000_KH561</subfield>
   <subfield code="7">0</subfield>
   <subfield code="9">17136</subfield>
   <subfield code="a">000001</subfield>
   <subfield code="b">000001</subfield>
   <subfield code="d">2019-08-10</subfield>
   <subfield code="o">532 Kh561</subfield>
   <subfield code="p">MD.15963</subfield>
   <subfield code="r">2019-08-10</subfield>
   <subfield code="v">104000.00</subfield>
   <subfield code="w">2019-08-10</subfield>
   <subfield code="y">BK</subfield>
  </datafield>
  <datafield tag="952" ind1=" " ind2=" ">
   <subfield code="0">0</subfield>
   <subfield code="1">0</subfield>
   <subfield code="2">ddc</subfield>
   <subfield code="4">0</subfield>
   <subfield code="6">532_000000000000000_KH561</subfield>
   <subfield code="7">0</subfield>
   <subfield code="9">17137</subfield>
   <subfield code="a">000001</subfield>
   <subfield code="b">000001</subfield>
   <subfield code="d">2019-08-10</subfield>
   <subfield code="o">532 Kh561</subfield>
   <subfield code="p">MD.15964</subfield>
   <subfield code="r">2019-08-10</subfield>
   <subfield code="v">104000.00</subfield>
   <subfield code="w">2019-08-10</subfield>
   <subfield code="y">BK</subfield>
  </datafield>
  <datafield tag="980" ind1=" " ind2=" ">
   <subfield code="a">Thư viện Trường Đại học Nam Cần Thơ</subfield>
  </datafield>
 </record>
</collection>
